000 00498nam a2200157Ia 4500
008 230718s9999 xx 000 0 und d
041 _aeng
082 _a005.4'32
_bHAY
100 _aHaycox I.
_9173006
245 _aLinux E-mail
_bSet Up, Maintain And Secure A Small Office E-mail Server
260 _c2010
_bPackt Pub.
300 _a353
365 _cRs.
_b450.00
700 _aHaycox I.; McDonald A.; Back M. & Hildebrandt R.
_9191258
906 _dO:0074117-Mar-2010B:668622-Feb-2010
_cCOMP
_b90
999 _c324520
_d324520